CENUTSE modifikácia znáhodnených algoritmov : Diz.práca: Obh. 20.1.2000

Gespeichert in:
Bibliographische Detailangaben
1. Verfasser: Krajčoviech, Richard (Verfasst von)
Format: Manuskript Buch
Sprache:Slowakisch
Veröffentlicht: Bratislava : STU v Bratislave FEI, 1999
Schlagworte:
Tags: Tag hinzufügen
Keine Tags, Fügen Sie das erste Tag hinzu!

MARC

LEADER 00000ntm a22000003a 4500
001 stu52237
005 20160719164901.4
008 000224s1999----xo------------------slo-d
040 |a STU  |b slo 
041 0 |a slo 
044 |a xo 
080 |a 519.712 
080 |a 681.326.013 
084 |a C4240  |2 INS 
100 1 |a Krajčoviech, Richard  |4 aut 
245 1 |a CENUTSE modifikácia znáhodnených algoritmov :  |b Diz.práca: Obh. 20.1.2000 
260 |a Bratislava :  |b STU v Bratislave FEI,  |c 1999 
300 |a 84 s 
650 7 |a súbežné spracovanie  |2 stusub 
650 7 |a pravdepodobnostné algoritmy  |2 stusub 
650 7 |a znáhodnené algoritmy  |2 stusub 
996 |b 284ED00023  |c E*PGŠ-791  |l EE01  |s A  |a 24  |w stu52237_0001